Departmentalism and joined-up government: back to the future (Record no. 48114)

000 -LEADER
fixed length control field 01232pab a2200181 454500
008 - FIXED-LENGTH DATA ELEMENTS--GENERAL INFORMATION
fixed length control field 180718b2001 xxu||||| |||| 00| 0 eng d
100 ## - MAIN ENTRY--PERSONAL NAME
Personal name Kavanagh, Dennis
245 ## - TITLE STATEMENT
Title Departmentalism and joined-up government: back to the future
260 ## - PUBLICATION, DISTRIBUTION, ETC.
Date of publication, distribution, etc. 2001
300 ## - PHYSICAL DESCRIPTION
Extent p.1-18
362 ## - DATES OF PUBLICATION AND/OR SEQUENTIAL DESIGNATION
Dates of publication and/or sequential designation Jan
520 ## - SUMMARY, ETC.
Summary, etc. As part of its modernising approach to policy-making, the Blair government has emphasised the need for joined-up government. It is concerned to tackle `wicked' issues which are not the responsibility of any other department. Departments and units have been urged to concentrate on delivering outcomes regardless of departmental boundaries. The authors show that this approach poses serious challenges to long-established Whitehall and ministerial patterns of behaviour and incentives. A review of previous attempts to combat departmentalism shows how and why they failed. The authors conclude that the present programme will have to be extended and the Whitehall system radically reformed if joined-up government is to succeed. - Reproduced
650 ## - SUBJECT ADDED ENTRY--TOPICAL TERM
Topical term or geographic name entry element Great Britain - Politics and government
650 ## - SUBJECT ADDED ENTRY--TOPICAL TERM
Topical term or geographic name entry element Politics and government
700 ## - ADDED ENTRY--PERSONAL NAME
Personal name Richards, David
773 ## - HOST ITEM ENTRY
Main entry heading Parliamentary Affairs
909 ## -
-- 48114
Holdings
Withdrawn status Lost status Damaged status Not for loan Permanent Location Current Location Date acquired Serial Enumeration / chronology Barcode Date last seen Price effective from Koha item type
        Indian Institute of Public Administration Indian Institute of Public Administration 2018-07-19 Volume no: 54, Issue no: 1 AR48542 2018-07-19 2018-07-19 Articles

Powered by Koha